000 00499 a2200157 4500
005 20250621113537.0
020 _a978-0-0-2523621
082 _aLM 621.381 NEA
100 _aNEAMEN, D. A.
245 _aMicroelectronics: Circuit Analysis and Design
250 _a3rd Ed.
260 _aNew York,
_bMcGraw-Hill Higher Education,
_c2007.
300 _axxi, 1370p.: figures,
_bIndex,
_c26cm.
856 _yAccess Online Book
_fMicroelectronics: Circuit Analysis and Design
_dwww.mhhe.com
942 _2ddc
_cBKS
999 _c3766
_d3766